000 00693nam a2200253 i 4500
001 C2-0254282
003 PPAK
005 20180727221917.0
008 040428s1980 enka|||| ||||| | eng d
020 _a0600347303
040 _aPPAK
_beng
_cPPAK
_erda
082 0 4 _a796.334
_223
090 0 0 _a796.334
_bSOA
_dR
100 1 _aSoar, Phil,
_eauthor
245 1 4 _aThe hamlyn world encyclopedia of football
264 1 _aLondon :
_bMarshall Cavendish Limited ,
_c1980
300 _a184 pages :
_bcolour illustrations ;
_c29 cm
336 _2rdacontent
_atext
337 _2rdamedia
_aunmediated
338 _2rdacarrier
_avolume
650 1 0 _aSoccer
700 _eauthor
942 _ddc
_cB
999 _c67030
_d67030